000 00796cam a22002531 4500
001 20464
003 BD-RjUL
005 20211209000552.0
008 140301r19661965enk b 001 0 eng
035 _a(BD-RjUL)20526
040 _aDLC
_cDLC
_dDLC
_dBD-RjUL
_beng
041 _aeng
082 0 0 _a820.9
_bDYC 1966
100 1 _aDyson, A. E.
_955665
245 1 4 _aThe crazy fabric :
_bessays in irony /
_cby A. E. Dyson.
260 _aLondon ;
_bMacmillan ;
_aNew York :
_bSt. Martin's Press,
_c1965 [reprinted 1966].
300 _axiv, 233 p. ;
_c23 cm.
504 _aincludes Bibliographical reference and index.
650 0 _aSatire, English
_xHistory and criticism.
_963106
650 0 _aIrony in literature.
_954198
942 _2ddc
_cBK
999 _c20464
_d20464